| 000 | 00455nam a22001817a 4500 | ||
|---|---|---|---|
| 003 | MPLRDC | ||
| 005 | 20220104123946.0 | ||
| 008 | 210129b ||||| |||| 00| 0 eng d | ||
| 082 | _a524.4 ALB | ||
| 100 | _aHAROLD ALBERTY著; 孙邦正译 | ||
| 245 |
_a中学课程改造原理 _c |
||
| 250 | _a初版 | ||
| 260 |
_a _b国立教育资料馆 _c1958 |
||
| 300 | _b平 | ||
| 490 | _a国立教育资料馆丛书 | ||
| 650 | _a | ||
| 942 |
_cBK _o524.4 ALB |
||
| 999 |
_c15528 _d15518 |
||